Central Library OPAC University of Rajshahi
Normal view MARC view

Entry Personal Name

Number of records used in: 2

001 - CONTROL NUMBER

  • control field: 11479

003 - CONTROL NUMBER IDENTIFIER

  • control field: BD-RjUL

005 - DATE AND TIME OF LATEST TRANSACTION

  • control field: 20240206094552.0

008 - FIXED-LENGTH DATA ELEMENTS

  • fixed length control field: 240206|| aca||aabn | a|a d

040 ## - CATALOGING SOURCE

  • Original cataloging agency: BD-RjUL
  • Transcribing agency: BD-RjUL

100 ## - HEADING--PERSONAL NAME

  • Personal name: Sharīf, Mīr Sayyid ;; شریف, میر سید

670 ## - SOURCE DATA FOUND

  • Source citation: Work cat.: (BD-RjUL)82966: Sharīf, Mīr Sayyid ;; شریف, میر سید, نسخه صرف میر مع تکمله و تبصره / Nuskhah-i Ṣarf-i Mīr ma'a Takmilah va Tabṣirah /, 1901